[Event "Olympiad Women 2024"]
[Site "Budapest HUN"]
[Date "2024.09.14"]
[Round "4.23"]
[Board "3"]
[White "Otazo Sanchez, Annyd Gabriela"]
[Black "Stanford, Sheila Barth"]
[Result "0-1"]
[WhiteElo "1976"]
[BlackElo "2175"]
[PlyCount "186"]
[EventDate "2024.09.11"]
[WhiteTeam "Venezuela"]
[BlackTeam "Norway"]
[WhiteTeamCountry "VEN"]
[BlackTeamCountry "NOR"]

1. e4 c5 2. c3 d5 3. exd5 Nf6 4. Bb5+ Nbd7 5. c4 a6 6. Ba4 ({RR} 6. Bxd7+ Qxd7 7. d4 e6 8. Be3 exd5 9. dxc5 dxc4 10. Na3 Nd5 11. Bd4 Nf4 12. Kf1 Qd5 13. Nf3 Bf5 14. Qa4+ Bd7 15. Qb4 b6 16. Re1+ Ne6 17. Qxb6 f6 18. Nc2 c3 19. bxc3 Kf7 20. Ne3 Qc6 {0-1 Grandelius,N (2635)-Carlsen,M (2864) Chessable Masters Prelim rapid 2022 (3)}) 6... b5 7. cxb5 Nxd5 8. Nc3 ({RR} 8. Nf3 N7b6 9. bxa6+ Nxa4 10. Qxa4+ Bd7 11. Qc4 e6 12. Nc3 Nb6 13. Qe2 Bd6 14. O-O O-O 15. d4 cxd4 16. Nxd4 Qh4 17. Nf3 Qh5 18. Be3 Bc6 19. h3 Nd5 20. Nxd5 Bxd5 21. Nd4 Qe5 22. f4 Qe4 {0-1 Coca,C (2235)-Korchmar,V (2438) Titled Tue 13th Feb Late 2024 (1)}) 8... N5b6 $146 ({RR} 8... e6 9. Nf3 Be7 10. O-O O-O 11. d4 Bb7 12. bxa6 Bxa6 13. Nxd5 exd5 14. Re1 Nb6 15. Bc2 cxd4 16. Nxd4 Rc8 17. Bf5 Rc4 18. Be3 Bb4 19. Re2 Rc7 20. Rc2 Rxc2 21. Qxc2 g6 22. Nc6 Qd6 23. Nxb4 {1-0 Tournier,M (2277)-Kranewitter,N (2008) Oberliga Bayern 1819 2018 (1.8)}) ({RR} 8... e6 9. Nge2 Be7 10. O-O O-O 11. d4 N7b6 12. Bc2 axb5 13. dxc5 Bxc5 14. Qd3 g6 15. Bh6 Re8 16. Qxb5 Bd6 17. Bg5 f6 18. Be3 Nxe3 19. fxe3 Ba6 20. Qc6 Rc8 21. Qf3 Qc7 22. Bb3 Bxh2+ 23. Kh1 {0-1 Frambol,C (1924)-Jakobsen,J (1915) Fredericia M2 2018 (5)}) ({RR} 8... N7b6 9. bxa6+ Nxa4 10. Qxa4+ Bd7 11. Qe4 Nb4 12. Nf3 Bc6 13. Qb1 Nd3+ 14. Ke2 Nf4+ 15. Kf1 e6 16. d4 cxd4 17. Bxf4 dxc3 18. bxc3 Bc5 19. Ne5 Qd5 20. Nxc6 Qc4+ 21. Kg1 Qxf4 22. Qe1 O-O 23. g3 {1-0 Pastor Alonso de Prado,E (2166)-Perez Ordonez,J (2066) San Sebastian de los Reyes op 19th 2017 (5)}) 9. Nge2 e6 10. O-O Bd6 11. d4 Nxa4 12. Qxa4 O-O 13. Rd1 Qc7 14. h3 Bb7 15. dxc5 Nxc5 16. Qg4 f5 17. Qc4 axb5 18. Nxb5 Qc6 19. f3 Be5 20. Be3 Na6 21. Qxc6 Bxc6 22. Nbc3 Rfb8 23. Bd4 Bc7 24. b3 Be8 25. Rac1 e5 26. Bf2 Nb4 27. a4 Bd8 28. Bc5 Bg5 29. Rb1 Bf6 30. Bxb4 Rxb4 31. Nd5 Rb7 32. Nxf6+ gxf6 33. Nc3 Rab8 34. Nd5 Kf7 35. a5 Rxb3 36. Rxb3 Rxb3 37. a6 Ra3 38. Nc7 Ke7 39. h4 h5 40. Nd5+ Ke6 41. Nc7+ Ke7 42. Kf2 Bd7 43. Nd5+ Ke6 44. Rd2 Ra5 45. Nc7+ Ke7 46. Rd5 Ra2+ 47. Ke3 Bc8 48. Rd2 Ra3+ 49. Rd3 f4+ 50. Kd2 Ra2+ 51. Kc3 Bxa6 52. Nxa6 Rxa6 53. Rd2 Ra1 54. Kd3 Ke6 55. Rb2 Kf5 56. Ke2 Ra8 57. Kf2 Kg6 58. Rc2 Re8 59. Ra2 Re6 60. Rb2 f5 61. Rb5 Kf6 62. Ra5 Rb6 63. Ra4 Ke6 64. Ra8 e4 65. fxe4 fxe4 66. Ra5 Rb2+ 67. Kf1 Rb1+ 68. Kf2 e3+ 69. Ke2 Rg1 70. Rg5 Kf6 71. Kf3 Rf1+ 72. Ke2 Rf2+ 73. Ke1 Ke6 74. Kd1 Rd2+ 75. Ke1 Rd5 76. Rg8 Kf5 77. Ke2 Ke4 78. Re8+ Re5 79. Ra8 Rb5 80. Re8+ Re5 81. Ra8 Re7 82. Rg8 Re6 83. Rg7 Re8 84. Ra7 Rg8 85. Ra4+ Kf5 86. Ra5+ Kg4 87. Ra4 Rb8 88. Ra2 Rb1 89. Rc2 Kxh4 90. Kf3 Rf1+ 91. Ke4 Rf2 92. Rc1 e2 93. Re1 Kg3 0-1

[Event "Olympiad Women 2024"]
[Site "Budapest HUN"]
[Date "2024.09.14"]
[Round "4.23"]
[Board "4"]
[White "Ni, Viktorija"]
[Black "Pena Gonzalez, Clara Isabel"]
[Result "1/2-1/2"]
[WhiteElo "2163"]
[BlackElo "1895"]
[PlyCount "92"]
[EventDate "2024.09.11"]
[WhiteTeam "Norway"]
[BlackTeam "Venezuela"]
[WhiteTeamCountry "NOR"]
[BlackTeamCountry "VEN"]

1. d4 Nf6 2. Bg5 Ne4 3. Bf4 d5 4. e3 c5 5. dxc5 ({RR} 5. f3 Qa5+ 6. c3 Nf6 7. Nd2 Nbd7 8. g4 e6 9. h4 Qb6 10. Qb3 c4 11. Qxb6 axb6 12. a3 b5 13. O-O-O Nb6 14. Ne2 h5 15. g5 Nfd7 16. g6 fxg6 17. Bh3 Kf7 18. Rdg1 Ra6 19. Rh2 Be7 {½-½ Markos,J (2571)-Ftacnik,L (2559) Banicky Kahanec 31st 2009 (9)}) 5... Nc6 6. Nf3 ({RR} 6. f3 Nxc5 7. Nc3 e5 8. Bg3 Be6 9. Bb5 f6 10. Nge2 Be7 11. O-O O-O 12. b3 Rc8 13. e4 d4 14. Nd5 Kh8 15. c4 d3 16. Nc1 a6 17. Bxc6 bxc6 18. Nxe7 Qxe7 19. Nxd3 Rfd8 20. Nxc5 Rxd1 {0-1 Mishra,M (1941)-Golubovic,E (2096) Titled Tue 5th Mar Early 2024 (10)}) 6... g6 $146 ({RR} 6... Bg4 7. Be2 e6 8. h3 Bh5 9. O-O Bxc5 10. Nbd2 Nxd2 11. Qxd2 O-O 12. Rfd1 Qe7 13. a3 Rad8 14. Bg5 f6 15. Bf4 e5 16. Bg3 Bf7 17. Qe1 Bb6 18. Rac1 Rfe8 19. Kh1 Be6 20. Bf1 Qf7 21. Nd2 {½-½ Gabriel,C (2564)-Stanec,N (2479) Pula zt 1.2 2000 (9)}) ({RR} 6... f6 7. c3 e5 8. Bg3 Bxc5 9. Be2 O-O 10. Nbd2 Bf5 11. O-O Nxg3 12. hxg3 Be6 13. Nb3 Bb6 14. Qd2 Qe7 15. Rfd1 a5 16. Qe1 a4 17. Nbd2 Ba5 18. Rac1 Qf7 19. Qf1 Rfd8 20. e4 d4 21. cxd4 {0-1 Mueller,M (1793)-Dorst,J (2200) Rheinland Pfalz op 7th 2015 (1)}) ({RR} 6... Bg4 7. Be2 Bxf3 8. Bxf3 e5 9. Bg3 Bxc5 10. Bxe4 dxe4 11. Qxd8+ Rxd8 12. a3 f5 13. b4 Bd6 14. Nc3 g5 15. h3 f4 16. Bh2 Nxb4 17. axb4 Bxb4 18. Ke2 Bxc3 19. Rad1 Ke7 20. f3 exf3+ 21. Kxf3 {0-1 Bockaj,I-Krstic,U (2353) CRO Cup 14th 2005 (1)}) 7. Nbd2 Nxc5 8. Nb3 Nxb3 9. axb3 Bg7 10. c3 h6 11. b4 e5 12. Bg3 Bg4 13. Be2 e4 14. Nd4 Bxe2 15. Nxc6 bxc6 16. Qxe2 a5 17. b5 Qb6 18. bxc6 Qxc6 19. O-O O-O 20. Ra3 f5 21. Rfa1 a4 22. Qd1 g5 23. f4 Qc5 24. Qd2 Qc4 25. fxg5 hxg5 26. Bd6 Rf7 27. Bb4 f4 28. b3 Qb5 29. bxa4 Qc4 30. Rd1 f3 31. Qf2 Ra6 32. Qf1 f2+ 33. Kh1 Raf6 34. a5 Qc7 35. Rxd5 Rh6 36. h3 g4 37. Rg5 gxh3 38. g3 Qd8 39. Rg4 Qd1 40. Qxd1 f1=Q+ 41. Qxf1 Rxf1+ 42. Kh2 Rf2+ 43. Kh1 Rf1+ 44. Kh2 Rf2+ 45. Kh1 Rf1+ 46. Kh2 Rf2+ 1/2-1/2

[Event "Olympiad Women 2024"]
[Site "Budapest HUN"]
[Date "2024.09.14"]
[Round "4.24"]
[Board "3"]
[White "Jorquera Cabello, Valentina"]
[Black "Ter-Avetisjana, Agnesa Stepania"]
[Result "0-1"]
[WhiteElo "1919"]
[BlackElo "2134"]
[PlyCount "148"]
[EventDate "2024.09.11"]
[WhiteTeam "Chile"]
[BlackTeam "Latvia"]
[WhiteTeamCountry "CHI"]
[BlackTeamCountry "LAT"]

1. e4 c6 2. Nf3 d5 3. exd5 cxd5 4. Ne5 a6 5. d4 Nc6 6. c3 Bf5 7. Bd3 Bxd3 8. Qxd3 Nxe5 9. dxe5 e6 10. O-O Qc7 ({RR} 10... Ne7 11. Nd2 Nc6 12. f4 Bc5+ 13. Kh1 Ne7 14. Nb3 Bb6 15. Be3 Nf5 16. Bxb6 Qxb6 17. Rae1 h5 18. Re2 h4 19. Rf3 Ng3+ 20. Rxg3 hxg3 21. Qxg3 g6 22. Nd4 O-O-O 23. Qg5 Kb8 24. Qf6 Qc7 25. Re3 {½-½ Sericano,C (2260)-Kozlov,D (2099) Titled Tue 20th Aug Late 2024 (11)}) 11. Qe2 $146 ({RR} 11. f4 Bc5+ 12. Be3 Ne7 13. Nd2 Bxe3+ 14. Qxe3 Nf5 15. Qf2 h5 16. Rac1 b5 17. b3 Qa7 18. Qxa7 Rxa7 19. c4 dxc4 20. bxc4 Ne3 21. Rfe1 Nxc4 22. Nxc4 bxc4 23. Rxc4 O-O 24. Rec1 Rb7 25. R1c2 Rfb8 {½-½ Martinez Cebolla,A (2023)-Gonzalez Gambau,J (2039) Aragon-chT 2008 (1)}) ({RR} 11. Re1 Bc5 12. Nd2 Ne7 13. Nf3 Nf5 14. Bd2 Qb6 15. Rf1 Qb5 16. Qxb5+ axb5 17. a3 f6 18. Rfe1 Kf7 19. Rad1 Ra4 20. g3 Rc8 21. Kg2 Ne7 22. Be3 b6 23. Bc1 Nc6 24. Re2 Re4 25. Rde1 Rxe2 {0-1 Chigaev,M (2589)-Fedoseev,V (2678) PRO League KO Stage rapid 2020 (2)}) ({RR} 11. Bf4 Ne7 12. Re1 h6 13. Nd2 Nf5 14. Nf3 g5 15. Bg3 Bg7 16. Nd4 Nxd4 17. Qxd4 Rc8 18. Qe3 Qc5 19. Qf3 O-O 20. h4 b5 21. hxg5 hxg5 22. Qg4 Qe7 23. f4 Rc4 24. b3 Rxc3 25. fxg5 Rfc8 {½-½ Dubois,M (1782)-Berzina,I (2141) Olympiad Women-44 2022 (6.1)}) 11... Ne7 12. Nd2 Nc6 13. Nf3 Be7 14. Re1 h6 15. Bd2 O-O 16. h3 Rac8 17. Nh2 Rfe8 18. Rad1 b5 19. Bf4 Bf8 20. Rd3 Ne7 21. Ng4 Nf5 22. Nh2 Qc4 23. Bd2 b4 24. g4 bxc3 25. bxc3 Nh4 26. g5 h5 27. Rd4 Qxe2 28. Rxe2 Nf5 29. Ra4 Rc6 30. Nf3 Rb8 31. Kg2 Rb2 32. Kf1 g6 33. Ne1 Rb1 34. Kg2 Be7 35. Nd3 Kf8 36. h4 Ke8 37. Re1 Rbb6 38. Rd1 Rc4 39. Rxc4 dxc4 40. Nb4 Nxh4+ 41. Kh3 Nf5 42. a4 a5 43. Nc2 Bc5 44. f4 Rb2 45. Ne1 Ne7 46. Nf3 Nd5 47. f5 Rb3 48. fxg6 fxg6 49. Kh2 Kf7 50. Nh4 Kg7 51. Be1 Be3 52. Ng2 Rb2 53. Kg3 Bxg5 54. Rd4 Kh6 55. Kf3 Ra2 56. Bh4 Bxh4 57. Nxh4 g5 58. Nf5+ exf5 59. Rxd5 g4+ 60. Ke3 g3 61. e6 g2 62. Rd1 Kg6 63. Kf4 Rf2+ 64. Ke5 Rf1 65. Rd8 Re1+ 66. Kd6 Rd1+ 67. Ke7 Rxd8 68. Kxd8 g1=Q 69. e7 Qb6+ 70. Kd7 Qb7+ 71. Kd8 Qxe7+ 72. Kxe7 f4 73. Kd6 f3 74. Kc5 f2 0-1

[Event "Olympiad Women 2024"]
[Site "Budapest HUN"]
[Date "2024.09.14"]
[Round "4.24"]
[Board "4"]
[White "Vidruska, Renate"]
[Black "Romero Troncoso, Liset Anais"]
[Result "1/2-1/2"]
[WhiteElo "2035"]
[BlackElo "1834"]
[PlyCount "117"]
[EventDate "2024.09.11"]
[WhiteTeam "Latvia"]
[BlackTeam "Chile"]
[WhiteTeamCountry "LAT"]
[BlackTeamCountry "CHI"]

1. e4 e5 2. Nf3 Nf6 3. d4 Nxe4 4. Bd3 d5 5. Nxe5 Nd7 6. Nxd7 Bxd7 7. O-O Bd6 8. Nc3 Nxc3 9. bxc3 O-O 10. Qh5 f5 11. Bg5 Qe8 12. Qh4 Qf7 13. Bf4 Qf6 14. Qg3 Bxf4 15. Qxf4 Qc6 16. c4 $146 ({RR} 16. Rab1 a6 17. h4 b5 18. Qd2 Qd6 19. Rbe1 Rfe8 20. f4 Rxe1 21. Rxe1 Re8 22. Re5 g6 23. h5 c5 24. Qe3 c4 25. Rxe8+ {1-0 Martinez Alcantara,J (2620)-Siddharth,J (2336) Speed Chess Super Swiss blitz 2021 (3)}) ({RR} 16. Rab1 a6 17. Rfe1 b6 18. Re3 Rae8 19. Rg3 Qxc3 20. h4 Qc6 21. h5 Kh8 22. Qg5 Qf6 23. Qf4 Qc6 24. Qg5 Qf6 25. Qf4 Qc6 26. Qg5 Qf6 {½-½ Vidruska,R (1991)-Grabarczyk,M (2337) European Blitz 2022 (8.68)}) ({RR} 16. Rab1 a6 17. Rfe1 Rae8 18. Qd2 b5 19. Rxe8 Rxe8 20. Re1 Rxe1+ 21. Qxe1 Kf7 22. f4 Qe6 23. Qg3 Qe7 24. Kf1 Qa3 25. Qf3 Qd6 26. Kf2 g6 27. Qg3 Qe7 28. Qg5 Qxg5 29. fxg5 Ke6 30. Ke3 Kd6 {½-½ Orlov,A (2518)-Illner,A (2345) BL2-West 1011 2010 (3.3)}) 16... dxc4 17. d5 Qa4 18. Qxc4 Qxc4 19. Bxc4 Kh8 20. f4 Ba4 21. Bb3 Bd7 22. Rfe1 Rae8 23. Re5 g6 24. Rae1 Kg7 25. Kf2 Kf6 26. g3 h6 27. a4 a5 28. d6 cxd6 29. Rxa5 Rxe1 30. Kxe1 Re8+ 31. Kd2 Bc6 32. Bd5 Rc8 33. Bxc6 Rxc6 34. Rb5 Rc4 35. a5 Ra4 36. Kd3 Ke6 37. Kc3 Ra1 38. Kb2 Ra4 39. Kb3 Ra1 40. Kc3 Ra3+ 41. Kd2 Ra4 42. Rxb7 Rxa5 43. Rh7 h5 44. Rg7 Kf6 45. Rd7 Ke6 46. Rd8 Ra1 47. Re8+ Kf6 48. Re2 Ra3 49. c3 Ra2+ 50. Kd3 Rxe2 51. Kxe2 Ke6 52. Kd3 Kd5 53. c4+ Kc5 54. Kc3 d5 55. cxd5 Kxd5 56. Kd3 Kc5 57. Kc3 Kd5 58. Kd3 Kc5 59. Kc3 1/2-1/2

[Event "Olympiad Women 2024"]
[Site "Budapest HUN"]
[Date "2024.09.14"]
[Round "4.25"]
[Board "2"]
[White "Nugroho, Angel Ruth"]
[Black "Karimi, Setayesh"]
[Result "0-1"]
[WhiteElo "1939"]
[BlackElo "2105"]
[PlyCount "106"]
[EventDate "2024.09.11"]
[WhiteTeam "Indonesia"]
[BlackTeam "Iran"]
[WhiteTeamCountry "INA"]
[BlackTeamCountry "IRI"]

1. d4 Nf6 2. Bf4 g6 3. Nc3 d5 4. e3 a6 5. h4 Bg7 6. Bd3 ({RR} 6. h5 Nxh5 7. Rxh5 gxh5 8. Qxh5 e6 9. Nf3 Nd7 10. Qh2 c5 11. O-O-O cxd4 12. exd4 Nf8 13. Bc7 Qd7 14. Bd3 Ng6 15. Rh1 b5 16. Ba5 Bb7 17. Ne2 Qe7 18. a3 Rc8 19. Bxg6 fxg6 20. Nf4 Qd6 {1-0 Gajewski,G (2603)-Socko,B (2619) Polish World Cup Qual rapid 2021 (9)}) ({RR} 6. Be2 Nbd7 7. h5 c5 8. hxg6 hxg6 9. Rxh8+ Bxh8 10. Nf3 Qb6 11. a3 cxd4 12. exd4 Nf8 13. Na4 Qc6 14. c3 Bd7 15. Nc5 Ne6 16. Ne5 Qb6 17. Nxe6 Bxe6 18. Qa4+ Kf8 19. Qb4 Qxb4 20. axb4 Nd7 {1-0 Mendez Rodriguez,A (1740)-Valencia Quinchia,I (1828) XXXI Feria de las Flores 2024 (5.34)}) 6... c5 7. Nf3 Bg4 $146 ({RR} 7... Nc6 8. Ne5 cxd4 9. Nxc6 bxc6 10. exd4 Qb6 11. Be5 Qxb2 12. Na4 Qa3 13. c3 h5 14. O-O O-O 15. Bf4 e6 16. Rb1 Nd7 17. Qc2 Qe7 18. Nb6 Nxb6 19. Rxb6 Qxh4 20. Bd6 Qd8 21. Rxc6 Bb7 22. Bxf8 {0-1 Masruri,R (2299)-Kopylov,D (2317) Titled Tue 12th Sep Early 2023 (1)}) ({RR} 7... Nc6 8. Qd2 cxd4 9. exd4 Bg4 10. Ne5 Nxd4 11. Bxg6 hxg6 12. Qxd4 Be6 13. O-O-O Ng4 14. f3 Nxe5 15. Bxe5 Bxe5 16. Qxe5 Rh5 17. Qd4 Qa5 18. g4 Rh7 19. Kb1 O-O-O 20. Ne2 Rdh8 21. Nf4 Rxh4 22. Qxh8+ {1-0 Aashman,G (2235)-Cervantes Landeiro,T (2249) Titled Tue 31st Oct Early 2023 (4)}) 8. Be2 Nc6 9. Ne5 Bxe2 10. Qxe2 Qb6 11. O-O-O Rc8 12. g4 cxd4 13. exd4 Nb4 14. f3 Qa5 15. Kb1 Rxc3 16. bxc3 Nxa2 17. Bd2 Nxc3+ 18. Bxc3 Qxc3 19. Qd3 Qc7 20. h5 O-O 21. hxg6 fxg6 22. Rh3 Qb6+ 23. Kc1 Rc8 24. Qa3 Bf8 25. Rd3 e6 26. Qb3 Qc7 27. Kb2 b5 28. Rc3 Qb7 29. Rxc8 Qxc8 30. Qc3 Qe8 31. Qc7 Qe7 32. Qxe7 Bxe7 33. Nc6 Bd6 34. Rh1 Ne8 35. Re1 Nc7 36. Nd8 Bg3 37. Re2 h5 38. Nxe6 Nxe6 39. Rxe6 Kf7 40. Rxa6 h4 41. Ra1 Kf6 42. Kc3 Kg5 43. Kd2 h3 44. Ke3 h2 45. c3 Kh4 46. f4 Kxg4 47. Rh1 Bxf4+ 48. Kf2 Kh3 49. Ra1 Bg3+ 50. Kf3 g5 51. Rb1 g4+ 52. Ke3 Kg2 53. Rb2+ Kf1 0-1

[Event "Olympiad Women 2024"]
[Site "Budapest HUN"]
[Date "2024.09.14"]
[Round "4.26"]
[Board "1"]
[White "Tan, Li Ting"]
[Black "Narva, Mai"]
[Result "1/2-1/2"]
[WhiteElo "2037"]
[BlackElo "2420"]
[PlyCount "104"]
[EventDate "2024.09.11"]
[WhiteTeam "Malaysia"]
[BlackTeam "Estonia"]
[WhiteTeamCountry "MAS"]
[BlackTeamCountry "EST"]

1. d4 {ChessBase} Nf6 2. c4 e6 3. Nc3 Bb4 4. f3 d5 5. a3 Bxc3+ 6. bxc3 b6 7. Bg5 h6 ({RR} 7... O-O 8. e3 Ba6 9. cxd5 Bxf1 10. Kxf1 exd5 11. Ne2 h6 12. Bxf6 Qxf6 13. Kf2 Re8 14. Re1 Nc6 15. Nf4 Rad8 16. Kg1 Na5 17. Qd3 c6 18. Rf1 Nc4 19. Rae1 Nxe3 20. Rxe3 Qxf4 21. Rfe1 Rxe3 22. Rxe3 {0-1 Vitenberg,N (2298)-Henderson de la Fuente,L (2491) Titled Tuesday intern op 15th Sept blitz 2020 (9)}) ({RR} 7... Bb7 8. e3 h6 9. Bh4 Nbd7 10. Bd3 c5 11. Ne2 Rc8 12. cxd5 exd5 13. O-O O-O 14. Bf5 g5 15. Bf2 cxd4 16. cxd4 Ne8 17. Ng3 Nd6 18. Qd3 Rc6 19. e4 Qc8 20. Qb1 Rc3 21. e5 Nc4 22. Nh5 {1-0 Zor,E (1734)-Dirikolu,D (1974) Turkish Cup 2024 (9.32)}) 8. Bh4 Ba6 9. Qa4+ $146 ({RR} 9. e4 Bxc4 ({RR} 9... dxe4 10. fxe4 g5 11. Bg3 Nxe4 12. Be5 Nd7) ({RR} 9... g5 10. Bg3 dxe4 11. Be5 Nbd7 12. Qa4 Bb7 13. h4 gxh4 ({RR} 13... O-O 14. hxg5 hxg5 15. Qxd7) 14. Rxh4 Nd5) 10. Bxc4 dxc4 11. Qa4+ Qd7 12. Qxc4 Nc6 ({RR} 12... Nc6 13. Ne2 Na5 14. Qd3 Qc6 15. O-O O-O-O 16. Rab1 ({RR} 16. e5 g5 17. exf6 gxh4 18. Qe4 Qc4 ({RR} 18... Qxe4 19. fxe4 e5 ({RR} 19... h3))) 16... g5 17. Bg3 Nh5 18. f4 f6 19. Rb4 Rhg8 20. f5 e5 21. d5 Nxg3 22. Nxg3 Qc5+ 23. Kh1 Kb7 24. Rfb1 c6) 13. Ne2 Na5 14. Qd3 Qc6 15. O-O O-O-O 16. Rab1 g5 17. Bg3 Nh5 18. f4 f6 {½-½ Berczes,D (2232)-Banusz,T (2274) Budapest FS10 IM-B 2002 (8)}) ({RR} 9. cxd5 exd5 10. Qa4+ c6 11. Qc2 Qe7 12. Bxf6 Qxf6 13. Nh3 O-O 14. e3 Bxf1 15. Rxf1 Re8 16. Kf2 Qh4+ 17. Ke2 Nd7 18. Rae1 b5 19. Rf2 Qe7 20. Qc1 Nb6 21. Kf1 Nc4 22. e4 Qxa3 23. Qxa3 Nxa3 {0-1 Orel,S (2050)-Ankerst,M (2130) SLO-chT Slovenia 1993}) ({RR} 9. e4 Bxc4 10. Bxc4 dxc4 11. Qa4+ Qd7 12. Qxc4 Qc6 13. Qd3 Nbd7 14. Ne2 Rd8 ({RR} 14... O-O-O 15. c4 Ne5 16. Qc3 Nxc4 17. Rc1 b5 18. a4 a6 19. O-O) ({RR} 14... O-O 15. c4 ({RR} 15. O-O) 15... e5 16. O-O Rad8 17. Bf2) 15. O-O a5 ({RR} 15... Ne5 16. Qc2 Nc4 17. d5 exd5 18. Nd4) 16. Qc2 ({RR} 16. f4 Nc5 17. Qc4 Qxe4 18. Bxf6 gxf6 19. f5 Qd3 20. Qxd3 Nxd3 21. Rab1 e5 22. Rf3 Nf4 23. Nxf4 exf4 24. Rxf4) 16... Qc4 17. f4 ({RR} 17. e5 g5 18. exf6 gxh4 19. Rfe1 Nxf6 20. Nf4 O-O 21. Qd2 Kh7 22. Nd3 Nd5 23. Rac1 Ne7 24. Ne5 Qd5 25. Qf4) 17... Rc8 18. f5 e5 19. dxe5 Qxe4 ({RR} 19... Qc5+ 20. Bf2 ({RR} 20. Nd4 Nxe5 21. Bf2 Nfg4 22. Ne6 Qd6 23. Nf4 Nxf2 24. Qxf2 Rd8 25. Qg3 O-O 26. Nh5 g5 27. Rfd1 Qc5+ 28. Kh1 Rxd1+ 29. Rxd1 Qe7 30. f6 Qe6 31. h3) 20... Qxe5 21. Bd4 Qxe4 22. Qxe4+ Nxe4 23. Bxg7 Rh7 24. f6 Ndc5 25. Rad1 Nd6 26. Nd4 Kd7) ({RR} 19... Nxe5 20. Nf4 Nfd7 21. Rad1 O-O 22. Nd5 Qc5+ 23. Kh1 f6 24. Bf2 Qxa3 25. Ra1 Qd6 26. Rfd1 Nc5 27. Nf4 Qc6 28. Bxc5 Qxc5 29. Ne6 Qe3 30. Nxf8 Rxf8) 20. exf6 Qxc2 21. fxg7 Rg8 22. Nd4 Qe4 ({RR} 22... Qa4 23. Rae1+ Ne5 24. Rxe5+ Kd7 25. Rd5+ Ke8 26. Re1#) ({RR} 22... Qd2 23. Rfe1+ Ne5 24. Rxe5+ Kd7 25. Rd5+ Ke8 26. Re1+ Qxe1+ 27. Bxe1) 23. Rae1 Nc5 {1-0 Lilienthal,A-Capablanca,J Christmas Congress 1934/35-15 Premier (5)}) 9... Qd7 10. Qxd7+ Nbxd7 11. cxd5 Nxd5 12. Kd2 e5 13. Nh3 g5 14. Bf2 g4 15. Ng1 f5 16. e4 Bxf1 17. Rxf1 fxe4 18. fxe4 N5f6 19. Kd3 c5 20. Bh4 O-O 21. Bxf6 Nxf6 22. Ne2 cxd4 23. cxd4 exd4 24. Rf4 Nd7 25. Kxd4 Rfd8 26. Rxg4+ Kh7 27. Ke3 Ne5 28. Rg3 Rd3+ 29. Kf4 Ng6+ 30. Kg4 Rd2 31. Nf4 Ne5+ 32. Kf5 Nd7 33. Nd5 Rf8+ 34. Ke6 Nc5+ 35. Ke7 Nxe4 36. Kxf8 Nxg3 37. Nf6+ Kg6 38. hxg3 Kxf6 39. Rxh6+ Kg5 40. Rh7 Rd8+ 41. Ke7 Rd3 42. a4 a5 43. Ke6 Rd4 44. Rh4 Rd2 45. Rh8 Rxg2 46. Rg8+ Kh5 47. Kd5 Ra2 48. Kc6 Rxa4 49. Kxb6 Ra1 50. Ra8 Kg4 51. Rxa5 Rxa5 52. Kxa5 Kxg3 1/2-1/2

[Event "Olympiad Women 2024"]
[Site "Budapest HUN"]
[Date "2024.09.14"]
[Round "4.26"]
[Board "3"]
[White "Nithyalakshmi, Sivanesan"]
[Black "Narva, Triin"]
[Result "0-1"]
[WhiteElo "1912"]
[BlackElo "2066"]
[PlyCount "110"]
[EventDate "2024.09.11"]
[WhiteTeam "Malaysia"]
[BlackTeam "Estonia"]
[WhiteTeamCountry "MAS"]
[BlackTeamCountry "EST"]

1. e4 c5 2. Nc3 Nc6 3. Bb5 Nd4 4. Nf3 a6 5. Bd3 g6 6. Nxd4 cxd4 7. Ne2 Bg7 8. O-O d5 9. exd5 Qxd5 10. c3 Bd7 ({RR} 10... Nh6 11. Ng3 O-O 12. Re1 Ng4 13. h3 Ne5 14. Be4 Qd6 15. cxd4 Qxd4 16. d3 f5 17. Bf3 Nxf3+ 18. Qxf3 e5 19. Be3 Qxd3 20. Rad1 Qb5 21. Rd5 Qxb2 22. Bc5 e4 23. Qd1 Re8 24. Rd2 Qb5 25. Bd4 {0-1 Andyka,P (2105)-Fawzy,A (2522) 1st SOA Int Open 2024 (1.2)}) 11. Qb3 Qxb3 12. axb3 Bc6 13. Nxd4 $146 ({RR} 13. b4 Rd8 14. Bc4 Nh6 15. d3 Nf5 16. Bf4 O-O 17. Bc7 Rd7 18. Bb6 Rc8 19. Rfc1 dxc3 20. bxc3 Nd6 21. f3 Bb5 22. Bxb5 Nxb5 23. d4 Nd6 24. Bc5 Nc4 25. b5 b6 26. Ba3 axb5 27. Rcb1 e5 {0-1 Hari,M (2418)-Vakhidov,J (2618) 29th Abu Dhabi Masters 2023 (6.18)}) ({RR} 13. b4 Rd8 14. c4 e5 15. b5 axb5 16. cxb5 Bd5 17. Re1 Ne7 18. Ng3 f5 19. b3 Bxb3 20. Ba3 Kf7 21. b6 Bd5 22. Bb5 Nc6 23. d3 Rhe8 24. f3 Re6 25. Bc5 Rc8 26. Nf1 Bh6 27. Re2 Nb8 {0-1 Cobic,V (2365)-Holm,K (2456) Belgrade Spring GM1 2021 (7)}) 13... Bxd4 14. cxd4 Rd8 15. Bc4 Nh6 16. Ra5 Rxd4 17. d3 Nf5 18. Be3 Rd7 19. Rc5 O-O 20. Bxa6 Bxg2 21. Kxg2 bxa6 22. d4 Rb8 23. Rc3 Rdb7 24. Bf4 Rd8 25. Ra1 f6 26. Rxa6 Rxd4 27. Be3 Rg4+ 28. Kf3 Rg1 29. Rb6 Rd7 30. b4 Rdd1 31. b5 Nh4+ 32. Ke4 Kf7 33. h3 f5+ 34. Ke5 Nf3+ 35. Kf4 Ng5 36. Ke5 Nxh3 37. Bd4 Rg4 38. Rxh3 Re4+ 39. Kd5 Rdxd4+ 40. Kc6 h5 41. Rb8 Rc4+ 42. Kb6 Rc2 43. b3 Rxf2 44. Rc8 Rfe2 45. Rcc3 f4 46. Ka7 Rb4 47. Kb6 Re5 48. Rc5 Re3 49. Rc3 Rbe4 50. Kc5 Rxh3 51. Rxh3 Re3 52. Rh4 g5 53. Rxh5 Kg6 54. Rh8 Rxb3 55. Rg8+ Kf5 0-1

[Event "Olympiad Women 2024"]
[Site "Budapest HUN"]
[Date "2024.09.14"]
[Round "4.27"]
[Board "1"]
[White "Cori T., Deysi"]
[Black "Nassr, Lina"]
[Result "1-0"]
[WhiteElo "2366"]
[BlackElo "2010"]
[PlyCount "95"]
[EventDate "2024.09.11"]
[WhiteTeam "Peru"]
[BlackTeam "Algeria"]
[WhiteTeamCountry "PER"]
[BlackTeamCountry "ALG"]

1. Nf3 d5 2. g3 Nf6 3. Bg2 e6 4. O-O Be7 5. c4 O-O 6. b3 c5 7. Bb2 Nc6 8. cxd5 Nxd5 9. Nc3 b6 10. d4 Bb7 11. dxc5 Nxc3 12. Bxc3 Bxc5 13. Qc1 $146 ({RR} 13. Ne5 Qc7 14. Qd7 Rac8 15. Rad1 Nxe5 16. Qxc7 Nf3+ 17. Bxf3 Rxc7 18. Bxb7 Rxb7 19. Rd3 Rc8 20. Rfd1 Bf8 21. Kg2 f6 22. a4 Rbc7 23. Bd2 Kf7 24. a5 Ke8 25. axb6 axb6 26. Be3 Bc5 27. Bxc5 bxc5 {½-½ Hangweyrer,M (2378)-Fernandez,D (2200) Vienna op 16th 2009 (6)}) ({RR} 13. Qc2 Qe7 14. Rad1 Rfd8 15. h4 f6 16. h5 Nb4 17. Bxb4 Bxb4 18. Nh4 Rac8 19. Rxd8+ Qxd8 20. Rd1 Qe8 21. Qd3 Bxg2 22. Nxg2 Bf8 23. Qe4 Rc6 24. Nf4 Qc8 25. Kg2 e5 26. Nd5 Qe8 27. Ne3 Rc8 {1-0 Gausel,E (2490)-Thorhallsson,T (2420) Reykjavik zt 1995 (5)}) 13... Qe7 14. a3 a5 15. Qb2 f6 16. Nd2 Rfd8 17. e3 b5 18. Ne4 b4 19. axb4 axb4 20. Bxf6 gxf6 21. Rac1 Bd6 22. Nxf6+ Kf7 23. Ng4 Qg5 24. Qe2 h5 25. Bxc6 Bxc6 26. Nh6+ Qxh6 27. Rxc6 Rac8 28. Qf3+ Kg8 29. Rd1 Rxc6 30. Qxc6 e5 31. Qc4+ Kf8 32. Rd5 Qf6 33. Qe4 Kg7 34. Kg2 Rf8 35. f4 Re8 36. Qd3 e4 37. Qb5 Rb8 38. Qd7+ Be7 39. Re5 Kf7 40. Rf5 Rd8 41. Rxf6+ Kxf6 42. Qc6+ Kf7 43. Qxe4 Rd2+ 44. Kh3 Rb2 45. Qh7+ Ke6 46. Qxh5 Rd2 47. e4 Bf6 48. Qf5+ 1-0